[Event "AUT-chT 2324"]
[Site "Austria"]
[Date "2024.03.23"]
[Round "10.5"]
[White "Kruckenhauser, Arthur"]
[Black "Ftacnik, Lubomir"]
[Result "1/2-1/2"]
[WhiteElo "2313"]
[BlackElo "2455"]
[PlyCount "78"]
[EventDate "2023.11.22"]
[EventType "team-tourn"]
[EventRounds "11"]
[EventCountry "AUT"]
[SourceTitle "CB13_2024"]
[SourceDate "2024.03.27"]
[SourceVersion "1"]
[SourceVersionDate "2024.03.27"]
[SourceQuality "1"]
[WhiteTeam "Schach ohne Grenzen"]
[BlackTeam "Pinggau Friedberg"]
[WhiteTeamCountry "AUT"]
[BlackTeamCountry "AUT"]

1. e4 c5 2. Nf3 d6 3. d4 cxd4 4. Nxd4 Nf6 5. Nc3 a6 6. Rg1 h5 7. h3 Nc6 8. Be3 g6 9. Bc4 Bd7 10. Nxc6 Bxc6 11. Qf3 Qa5 12. 0-0-0 Bg7 13. g4 hxg4 14. hxg4 Rf8 15. Bd4 Bh6+ 16. Kb1 Bg5 17. Qe2 0-0-0 18. Nd5 Nxd5 19. exd5 Bxd5 20. Bxd5 Qxd5 21. Bb6 Qe6 22. Qxe6+ fxe6 23. Bxd8 Kxd8 24. Rgf1 e5 25. f3 Kd7 26. Rde1 Bh4 27. Re2 b5 28. Kc1 Ke6 29. Kd1 Bg5 30. Ref2 d5 31. Ke2 Rc8 32. Kd3 Rc4 33. c3 e4+ 34. fxe4 dxe4+ 35. Ke2 b4 36. cxb4 Rc2+ 37. Kd1 Rc1+ 38. Ke2 Rc2+ 39. Kd1 Rc1+ 1/2-1/2

[Event "AUT-chT 2324"]
[Site "Austria"]
[Date "2024.03.22"]
[Round "9.5"]
[White "Ftacnik, Lubomir"]
[Black "Richter, Nils"]
[Result "1/2-1/2"]
[WhiteElo "2455"]
[BlackElo "2400"]
[PlyCount "60"]
[EventDate "2023.11.22"]
[EventType "team-tourn"]
[EventRounds "11"]
[EventCountry "AUT"]
[SourceTitle "CB13_2024"]
[SourceDate "2024.03.27"]
[SourceVersion "1"]
[SourceVersionDate "2024.03.27"]
[SourceQuality "1"]
[WhiteTeam "Pinggau Friedberg"]
[BlackTeam "Goetzis"]
[WhiteTeamCountry "AUT"]
[BlackTeamCountry "AUT"]

1. Nf3 Nf6 2. c4 e6 3. Nc3 Bb4 4. g3 0-0 5. Bg2 d5 6. a3 Be7 7. d4 dxc4 8. Qa4 a6 9. Qxc4 b5 10. Qd3 Bb7 11. 0-0 c5 12. Rd1 Nbd7 13. Be3 Qc7 14. Rac1 Rac8 15. dxc5 Nxc5 16. Qb1 Qb8 17. b4 Nce4 18. Bd4 Qa8 19. Qa1 Nd6 20. Bc5 Nf5 21. Bxe7 Nxe7 22. a4 Ned5 23. axb5 axb5 24. Nxb5 Rxc1 25. Rxc1 Nxb4 26. Nd6 Bxf3 27. Bxf3 Qxa1 28. Rxa1 Nbd5 29. Bxd5 Nxd5 30. Ra7 Nf6 1/2-1/2

[Event "AUT-chT 2324"]
[Site "Austria"]
[Date "2024.03.20"]
[Round "7.5"]
[White "Ftacnik, Lubomir"]
[Black "Vallejo Pons, Francisco"]
[Result "0-1"]
[WhiteElo "2455"]
[BlackElo "2653"]
[PlyCount "126"]
[EventDate "2023.11.22"]
[EventType "team-tourn"]
[EventRounds "11"]
[EventCountry "AUT"]
[SourceTitle "CB13_2024"]
[SourceDate "2024.03.27"]
[SourceVersion "1"]
[SourceVersionDate "2024.03.27"]
[SourceQuality "1"]
[WhiteTeam "Pinggau Friedberg"]
[BlackTeam "Linz"]
[WhiteTeamCountry "AUT"]
[BlackTeamCountry "AUT"]

1. d4 Nf6 2. Nf3 d5 3. c4 e6 4. Nc3 dxc4 5. e3 a6 6. a4 b6 7. Bxc4 Bb7 8. 0-0 Bb4 9. Qe2 0-0 10. Rd1 Qe7 11. Bd3 Nbd7 12. e4 e5 13. Bg5 exd4 14. Nd5 Bxd5 15. exd5 h6 16. Bh4 Qxe2 17. Bxe2 Rfe8 18. Nxd4 Bc5 19. Bxf6 Nxf6 20. Bf3 Ne4 21. Kf1 Ng5 22. Be2 Re4 23. Nc6 Rh4 24. b4 Rxh2 25. Kg1 Bd6 26. Ne7+ Bxe7 27. Kxh2 Bxb4 28. Bd3 g6 29. Rac1 Nh7 30. g3 Bd6 31. Kg2 Nf6 32. Bc4 Ne4 33. Re1 Nc5 34. Ra1 Kg7 35. Ra2 Rb8 36. Rb1 Re8 37. Kf3 h5 38. Raa1 Kf6 39. Re1 Rb8 40. Reb1 Rh8 41. Re1 Kg7 42. Ra2 f5 43. Rc1 g5 44. Bf1 Kf6 45. Rxc5 Bxc5 46. Bxa6 h4 47. Kg2 g4 48. gxh4 Rxh4 49. Re2 Rh3 50. Bc8 Rd3 51. Re6+ Kg5 52. Re5 Rf3 53. Re2 Bd4 54. Rd2 Be5 55. Re2 Kf6 56. Ra2 Rd3 57. a5 bxa5 58. Rxa5 Rd2 59. Kf1 Bd4 60. d6 Rxf2+ 61. Ke1 cxd6 62. Rd5 Rf4 63. Bxf5 Bc3+ 0-1

[Event "Bundesliga 2324"]
[Site "Germany"]
[Date "2024.02.03"]
[Round "7.8"]
[White "Saltaev, Mihail"]
[Black "Ftacnik, Lubomir"]
[Result "0-1"]
[WhiteElo "2441"]
[BlackElo "2451"]
[PlyCount "80"]
[EventDate "2023.10.21"]
[EventType "team-tourn"]
[EventRounds "15"]
[EventCountry "GER"]
[SourceTitle "CB06_2024"]
[SourceDate "2024.02.07"]
[SourceVersion "1"]
[SourceVersionDate "2024.02.07"]
[SourceQuality "1"]
[WhiteTeam "Muelheim Nord"]
[BlackTeam "Hamburger SK"]
[WhiteTeamCountry "GER"]
[BlackTeamCountry "GER"]

1. e4 c5 2. Nf3 d6 3. d4 cxd4 4. Nxd4 Nf6 5. Nc3 a6 6. a4 Nc6 7. Bc4 e6 8. 0-0 Be7 9. Be3 0-0 10. Nxc6 bxc6 11. a5 d5 12. Bb6 Qd6 13. Bd3 Nd7 14. Na4 Bb7 15. c4 c5 16. exd5 exd5 17. Qc2 Qh6 18. Bc7 Qc6 19. Rfe1 Rae8 20. Bxh7+ Kh8 21. Re3 g6 22. Rh3 d4 23. Bxg6+ Kg7 24. Be4 Qxe4 25. Rg3+ Kh8 26. Rh3+ Kg8 27. Rg3+ Kh8 28. Qd2 Qc6 29. Qf4 f5 30. Raa3 Rg8 31. Rh3+ Kg7 32. Rag3+ Kf8 33. Rxg8+ Kxg8 34. Qg3+ Kf7 35. Rh7+ Ke6 36. Nb6 Nxb6 37. Rh6+ Bf6 38. axb6 Kd7 39. h4 Kc8 40. Be5 Rxe5 0-1

[Event "SVK-chT 2324"]
[Site "Slovakia"]
[Date "2023.12.10"]
[Round "4.2"]
[White "Ftacnik, Lubomir"]
[Black "Chovan, Milan"]
[Result "1/2-1/2"]
[WhiteElo "2455"]
[BlackElo "2336"]
[PlyCount "59"]
[EventDate "2023.11.04"]
[EventType "team-tourn"]
[EventRounds "11"]
[EventCountry "SVK"]
[SourceTitle "CB04_2024"]
[SourceDate "2023.10.16"]
[SourceVersion "1"]
[SourceVersionDate "2023.10.16"]
[SourceQuality "1"]
[WhiteTeam "Bratislava Slovan"]
[BlackTeam "Podhajska Aquamarin"]
[WhiteTeamCountry "SVK"]
[BlackTeamCountry "SVK"]

1. d4 Nf6 2. Nf3 g6 3. c4 Bg7 4. Nc3 d5 5. cxd5 Nxd5 6. e4 Nxc3 7. bxc3 c5 8. h3 0-0 9. Be2 Nc6 10. Be3 cxd4 11. cxd4 Qa5+ 12. Bd2 Qa3 13. d5 Ne5 14. 0-0 Nxf3+ 15. Bxf3 Bxa1 16. Qxa1 f6 17. Rb1 Rf7 18. e5 Qd3 19. e6 Qxd2 20. exf7+ Kxf7 21. Rd1 Qb4 22. d6 Be6 23. a3 Qc5 24. Qb2 Qb6 25. Qxb6 axb6 26. dxe7 Kxe7 27. Rb1 Rxa3 28. Rxb6 Ra1+ 29. Kh2 Ra7 30. Rxb7+ 1/2-1/2

[Event "AUT-chT 2324"]
[Site "Austria"]
[Date "2023.11.24"]
[Round "4.3"]
[White "Bosiocic, Marin"]
[Black "Ftacnik, Lubomir"]
[Result "0-1"]
[WhiteElo "2537"]
[BlackElo "2455"]
[PlyCount "104"]
[EventDate "2023.11.22"]
[EventType "team-tourn"]
[EventRounds "11"]
[EventCountry "AUT"]
[SourceTitle "CB48_2023"]
[SourceDate "2023.11.29"]
[SourceVersion "1"]
[SourceVersionDate "2023.11.29"]
[SourceQuality "1"]
[WhiteTeam "St Veit"]
[BlackTeam "Pinggau Friedberg"]
[WhiteTeamCountry "AUT"]
[BlackTeamCountry "AUT"]

1. e4 c5 2. Nf3 d6 3. Bc4 Nf6 4. d3 Nc6 5. 0-0 e6 6. c3 Be7 7. Bb3 0-0 8. Re1 b6 9. d4 Bb7 10. a3 Rc8 11. Nbd2 cxd4 12. cxd4 Qc7 13. Ba2 Rfd8 14. Bb1 e5 15. d5 Nb8 16. Nf1 Ba6 17. Ng3 g6 18. h3 Nbd7 19. Be3 Re8 20. Qd2 Qc4 21. Bh6 Nc5 22. Nf5 Nfxe4 23. Nxe7+ Rxe7 24. Qd1 f5 25. Re3 Bb7 26. Ba2 Qa4 27. g4 Qxd1+ 28. Rxd1 Kf7 29. b4 Na4 30. Bb3 Nac3 31. Rc1 f4 32. Ng5+ Nxg5 33. Rexc3 Nf3+ 34. Kh1 Rxc3 35. Rxc3 Nd4 36. Bg5 Nxb3 37. Bxe7 Bxd5+ 38. Kg1 Kxe7 39. Rc7+ Ke6 40. Rxa7 Nd2 41. a4 e4 42. Rc7 Bc4 43. Rc8 Ke7 44. Rc7+ Kf6 45. Rc8 e3 46. fxe3 fxe3 47. Re8 Nf3+ 48. Kg2 Ne5 49. Rc8 Ke7 50. Rc7+ Kd8 51. Rxh7 e2 52. Kf2 Nf3 0-1

[Event "Wch Seniors 65 31st"]
[Site "Terassini"]
[Date "2023.11.01"]
[Round "7"]
[White "Ftacnik, Lubomir"]
[Black "Petran, Peter"]
[Result "1-0"]
[WhiteElo "2451"]
[BlackElo "2192"]
[PlyCount "91"]
[EventDate "2023.10.25"]
[EventType "swiss"]
[EventRounds "11"]
[EventCountry "ITA"]
[SourceTitle "Mega2024 Update 01"]
[Source "Chessbase"]
[SourceDate "2023.11.12"]
[SourceVersion "1"]
[SourceVersionDate "2023.11.12"]
[SourceQuality "1"]

1. d4 f5 2. Nf3 c6 3. g3 d6 4. c4 g6 5. Bg2 Bg7 6. Nc3 Nh6 7. 0-0 0-0 8. e4 Nf7 9. exf5 Bxf5 10. h3 e5 11. d5 cxd5 12. cxd5 Na6 13. g4 Bd7 14. Be3 Nc7 15. Rc1 Ne8 16. Qb3 b6 17. Ne4 h6 18. Qd3 g5 19. Nfd2 Nf6 20. Rc2 Qe7 21. Nxf6+ Qxf6 22. Rc7 Qd8 23. Rfc1 Rc8 24. Rxc8 Bxc8 25. Qa3 a6 26. Ne4 Bb7 27. Qd3 b5 28. Ng3 e4 29. Qxe4 Re8 30. Qc2 Qa8 31. Nh5 Ne5 32. Qc7 Nf7 33. Nxg7 Rc8 34. Qb6 Rxc1+ 35. Bxc1 Kxg7 36. Bd2 Bc8 37. Bc3+ Kf8 38. Qd4 Ne5 39. Bb4 Nf7 40. Qf6 Qb8 41. Be4 Qc7 42. Bg6 Kg8 43. Bc3 Ne5 44. Bxe5 dxe5 45. d6 Qc1+ 46. Kh2 1-0

[Event "Bundesliga 2324"]
[Site "Germany"]
[Date "2023.10.22"]
[Round "2.5"]
[White "Ftacnik, Lubomir"]
[Black "Adams, Michael"]
[Result "1/2-1/2"]
[WhiteElo "2451"]
[BlackElo "2670"]
[PlyCount "98"]
[EventDate "2023.10.21"]
[EventType "team-tourn"]
[EventRounds "15"]
[EventCountry "GER"]
[SourceTitle "Mega2024 Update 01"]
[Source "Chessbase"]
[SourceDate "2023.11.12"]
[SourceVersion "1"]
[SourceVersionDate "2023.11.12"]
[SourceQuality "1"]
[WhiteTeam "Hamburger SK"]
[BlackTeam "Baden-Baden"]
[WhiteTeamCountry "GER"]
[BlackTeamCountry "GER"]

1. Nf3 d5 2. d4 Nf6 3. c4 e6 4. Nc3 Nbd7 5. Bg5 h6 6. Bh4 Be7 7. e3 0-0 8. Be2 c6 9. cxd5 exd5 10. Qc2 Ne4 11. Nxe4 Bxh4 12. Nd6 Be7 13. Nxc8 Rxc8 14. 0-0 Bd6 15. Bd3 Nf6 16. Rac1 Re8 17. g3 Rc7 18. Rfe1 g6 19. a3 Qe7 20. Nd2 Kg7 21. e4 dxe4 22. Nxe4 Qd8 23. Nxf6 Rxe1+ 24. Rxe1 Qxf6 25. Re4 Re7 26. Qc3 Rxe4 27. Bxe4 Bc7 28. d5 Be5 29. Qf3 Bxb2 30. dxc6 bxc6 31. Bxc6 Qxf3 32. Bxf3 Bxa3 33. Kg2 a5 34. Bc6 Kf6 35. f4 Bb4 36. Kf3 Ke7 37. h4 Be1 38. Ba4 f6 39. Bc2 Kd6 40. Bxg6 a4 41. Bf7 Kc5 42. h5 Kd4 43. Kg4 Ke4 44. Bg6+ Ke3 45. Kf5 a3 46. Bf7 Bxg3 47. Kxf6 Bxf4 48. Kf5 Bd6 49. Kg4 Be7 1/2-1/2

[Event "WchT Seniors 65"]
[Site "Struga"]
[Date "2023.09.28"]
[Round "9.1"]
[White "Ftacnik, Lubomir"]
[Black "Legky, Nikolay A"]
[Result "1-0"]
[WhiteElo "2450"]
[BlackElo "2357"]
[PlyCount "207"]
[EventDate "2023.09.19"]
[EventType "team-swiss"]
[EventRounds "9"]
[EventCountry "MKD"]
[SourceTitle "EXT 2024"]
[Source "ChessBase"]
[SourceDate "2023.10.10"]
[SourceVersion "1"]
[SourceVersionDate "2023.10.10"]
[SourceQuality "1"]
[WhiteTeam "Slovakia 65"]
[BlackTeam "France 65"]
[WhiteTeamCountry "SVK"]
[BlackTeamCountry "FRA"]

1. d4 d5 2. Nf3 Nf6 3. c4 dxc4 4. e3 e6 5. Bxc4 c5 6. 0-0 cxd4 7. exd4 Be7 8. Qe2 0-0 9. Nc3 a6 10. Rd1 b5 11. Bb3 Bb7 12. Bg5 b4 13. Bxf6 Bxf6 14. Ne4 Nd7 15. d5 Bxd5 16. Bxd5 exd5 17. Rxd5 Re8 18. Re1 Qc7 19. Qd2 Ne5 20. Nxf6+ gxf6 21. Nxe5 Rxe5 22. Rdxe5 fxe5 23. Qxb4 Re8 24. Qd2 Re6 25. h4 h6 26. b3 Kg7 27. Qe3 Qd6 28. Rc1 Qd4 29. Rc4 Qd5 30. Rc5 Qd1+ 31. Kh2 Qd6 32. Qc3 Kh7 33. g3 Rf6 34. Kg2 Re6 35. Rc7 Rf6 36. Qc4 Kg7 37. Qc5 Qd2 38. Rc8 Qe2 39. Qe3 Qxa2 40. Re8 Qb2 41. Rd8 Qc2 42. Rd5 e4 43. Rc5 Qd3 44. Qxd3 exd3 45. Rd5 Rb6 46. Rxd3 a5 47. Rd5 Rxb3 48. Rxa5 Rb2 49. h5 Rc2 50. g4 Rb2 51. Kg3 Rb4 52. f3 Rc4 53. Re5 Ra4 54. Re4 Ra3 55. Kf4 Rb3 56. Rd4 Ra3 57. Ke4 Ra1 58. f4 Ra5 59. Rd5 Ra4+ 60. Kf5 Ra1 61. Rb5 Rc1 62. Ke5 Re1+ 63. Kd6 Rf1 64. Rf5 Rd1+ 65. Ke7 Re1+ 66. Re5 Ra1 67. g5 Ra7+ 68. Kd8 f6 69. gxh6+ Kxh6 70. Rf5 Kg7 71. Ke8 Ra8+ 72. Ke7 Ra7+ 73. Ke6 Ra6+ 74. Kd5 Ra5+ 75. Ke4 Ra4+ 76. Kf3 Ra6 77. Rd5 Rb6 78. Kg4 Kh6 79. Rd7 Ra6 80. Rf7 Rb6 81. Kf5 Rb5+ 82. Kxf6 Kxh5 83. f5 Kh6 84. Re7 Rb8 85. Kf7 Kh7 86. Ra7 Rc8 87. Re7 Ra8 88. Rd7 Rb8 89. f6 Ra8 90. Re7 Rb8 91. Re8 Rb7+ 92. Ke6 Rb6+ 93. Kf5 Rb5+ 94. Re5 Rb1 95. Re8 Rf1+ 96. Ke6 Re1+ 97. Kd7 Rd1+ 98. Ke7 Re1+ 99. Kf8 Ra1 100. f7 Ra7 101. Rd8 Ra1 102. Ke7 Re1+ 103. Kd7 Rd1+ 104. Kc7 1-0

[Event "WchT Seniors 65"]
[Site "Struga"]
[Date "2023.09.21"]
[Round "3.1"]
[White "Nunn, John DM"]
[Black "Ftacnik, Lubomir"]
[Result "1/2-1/2"]
[WhiteElo "2569"]
[BlackElo "2450"]
[PlyCount "25"]
[EventDate "2023.09.19"]
[EventType "team-swiss"]
[EventRounds "9"]
[EventCountry "MKD"]
[SourceTitle "EXT 2024"]
[Source "ChessBase"]
[SourceDate "2023.10.10"]
[SourceVersion "1"]
[SourceVersionDate "2023.10.10"]
[SourceQuality "1"]
[WhiteTeam "England 65"]
[BlackTeam "Slovakia 65"]
[WhiteTeamCountry "ENG"]
[BlackTeamCountry "SVK"]

1. e4 d6 2. d4 Nf6 3. Nc3 g6 4. f4 Bg7 5. Nf3 0-0 6. Bd3 Nc6 7. 0-0 e5 8. d5 Ne7 9. Kh1 exf4 10. Bxf4 Bg4 11. Qd2 Bxf3 12. Rxf3 Ng4 13. Raf1 1/2-1/2

[Event "SVK-chT 2223"]
[Site "Slovakia"]
[Date "2023.01.21"]
[Round "5.1"]
[White "Ftacnik, Lubomir"]
[Black "Mihok, Oliver"]
[Result "1/2-1/2"]
[WhiteElo "2462"]
[BlackElo "2545"]
[PlyCount "94"]
[EventDate "2022.10.22"]
[EventType "team-tourn"]
[EventRounds "11"]
[EventCountry "SVK"]
[SourceTitle "EXT 2024"]
[Source "ChessBase"]
[SourceDate "2023.10.10"]
[SourceVersion "1"]
[SourceVersionDate "2023.10.10"]
[SourceQuality "1"]
[WhiteTeam "Bratislava Slovan"]
[BlackTeam "Cebovce"]
[WhiteTeamCountry "SVK"]
[BlackTeamCountry "SVK"]

1. Nf3 Nf6 2. c4 g6 3. Nc3 Bg7 4. d4 0-0 5. e4 d6 6. Be2 e5 7. 0-0 Nc6 8. d5 Ne7 9. b4 a5 10. bxa5 Rxa5 11. a4 Ne8 12. Bd2 Ra8 13. Qb1 h6 14. Ne1 f5 15. f3 c5 16. Nd3 Nf6 17. Ra3 f4 18. Nd1 g5 19. N1f2 h5 20. h3 Rf7 21. a5 Ng6 22. Qb2 Nh4 23. Rb1 Ra6 24. Rb3 Bf8 25. Ne1 Rg7 26. Qc3 Ra7 27. Kf1 Qe8 28. Qd3 Qg6 29. R1b2 Qh7 30. Bd1 Ng6 31. Rb6 Nh8 32. a6 Rxa6 33. Rxa6 bxa6 34. Rb8 Bd7 35. Qa3 Be8 36. Qxa6 Ra7 37. Qc8 Qd7 38. Qxd7 Bxd7 39. Ned3 Ng6 40. Bc3 Kf7 41. Rb1 Ne7 42. Ra1 Rxa1 43. Bxa1 Nc8 44. Bc3 Nb6 45. Nb2 Be7 46. Ba5 Bd8 47. Bd2 Bc8 1/2-1/2

[Event "EU-chT Seniors 50"]
[Site "Dresden"]
[Date "2022.11.04"]
[Round "9.1"]
[White "Westphal, Wolfgang"]
[Black "Ftacnik, Lubomir"]
[Result "0-1"]
[WhiteElo "2143"]
[BlackElo "2462"]
[PlyCount "140"]
[EventDate "2022.10.27"]
[EventType "team-swiss"]
[EventRounds "9"]
[EventCountry "GER"]
[SourceTitle "EXT 2024"]
[Source "ChessBase"]
[SourceDate "2023.10.10"]
[SourceVersion "1"]
[SourceVersionDate "2023.10.10"]
[SourceQuality "1"]
[WhiteTeam "Graal Mueritz/Teterow 50"]
[BlackTeam "Slovakia 50"]
[WhiteTeamCountry "GER"]
[BlackTeamCountry "SVK"]

1. e4 c5 2. Nf3 d6 3. Bb5+ Nd7 4. c4 a6 5. Ba4 Ngf6 6. Nc3 e6 7. 0-0 Be7 8. h3 Qc7 9. d3 0-0 10. Bf4 b6 11. Ne1 Bb7 12. Nc2 Rfd8 13. Ne3 Ne5 14. Re1 Nc6 15. Qd2 Nd4 16. Ne2 b5 17. Bd1 Nc6 18. b3 Qd7 19. Nc3 Ne5 20. Bg3 b4 21. Na4 Qc7 22. Nc2 Nfd7 23. f4 Nc6 24. Kh2 Bf6 25. Rb1 Nd4 26. Qf2 Nxc2 27. Bxc2 Bd4 28. Qe2 Nb8 29. Qg4 Nc6 30. Rf1 Re8 31. Rbe1 Rad8 32. Bd1 Rd7 33. f5 Ne5 34. Bxe5 Bxe5+ 35. Kh1 exf5 36. Qxf5 Rde7 37. Bg4 g6 38. Qf2 Qd8 39. Qh4 Bg7 40. Re2 f5 41. Bf3 fxe4 42. Bxe4 Rxe4 43. Rxe4 Bxe4 44. Qxd8 Bxg2+ 45. Kxg2 Rxd8 46. Nb6 Re8 47. Nd5 Bd4 48. Nf6+ Bxf6 49. Rxf6 Rd8 50. d4 cxd4 51. Rf4 d3 52. Rd4 Kf7 53. Rxd3 Ke6 54. Re3+ Kd7 55. Rd3 Kc6 56. Rd5 Re8 57. Ra5 Kb6 58. Rd5 Re2+ 59. Kf3 Rxa2 60. Rxd6+ Kc5 61. Rd5+ Kc6 62. Rd3 a5 63. Ke4 Ra3 64. Kd4 a4 65. Rf3 Rxb3 66. Rf6+ Kd7 67. Rf7+ Ke6 68. Rxh7 Rb1 69. Ra7 Rd1+ 70. Kc5 b3 0-1